00561nam a2200169Ia 4500003000900000008004100009020001800050040001600068080002300084100002000107245010100127260004200228300001500270490005100285650004100336650001400377IN-BaIIA211028s9999 xx 000 0 eng d a90-277-2652-3 cIIA Library a52(082.1)bASS-139 aBatten, Alan H. 0aResolute and undertaking characterscAlan H. Batten  aDordrechtbD. Reidel Publishingc1988 axxv, 259p. aAstrophysics and space science library; v. 139 aAstronomy and Astrophysics Thesaurus aBiography